| 000 | 00311nam a22001217a 4500 | ||
|---|---|---|---|
| 020 | _a0195216040 | ||
| 082 |
_222 _a338.90091724 |
||
| 100 | _aGranzow, Sandra. | ||
| 245 | _aOur dream ; a world free of poverty / | ||
| 260 |
_bWashigton the World Bar, _cc2000. |
||
| 300 |
_a206 p, ; _bNA _c24 cm. |
||
| 942 |
_2ddc _cF |
||
| 999 |
_c3778 _d3778 |
||